00768pam a2200253 a 450000100060000000300080000600500170001400800390003102000160007002000220008603500190010804000270012704100080015408200250016210000160018724500790020325000120028226000670029430000320036150400390039365000250043265000350045770000220049215594BD-RjUL20211208235842.0140210s1982 njua b 001 0 eng a0131135899  a0131136054 (pbk.) a(BD-RjUL)15649 aDLCcDLCdBD-RjULbeng aeng00a658.15219bLEC 19821 aLevy, Haim.10aCapital investment and financial decisions /cHaim Levy & Marshall Sarnat. a2nd ed. aEnglewood Cliffs, N.J. :bPrentice/Hall International,cc1982. ax, 598 p. :bill. ;c24 cm. aIncludes bibliographies and index. 0aCapital investments. 0aBusiness enterprisesxFinance.1 aSarnat, Marshall.